Guess the Footballers by their Teams #11 - Statistics

General Stats
  • This quiz has been taken 291 times
  • The average score is 7 of 10
Answer Stats
Hint Answer % Correct
2006-. Southampton, Tottenham Hotspur, Real Madrid, Tottenham Hotspur (loan), Wales. Gareth Bale
95%
2010-. Al Mokawloon, Basel, Chelsea, Fiorentina (loan), Roma (loan), Roma, Liverpool, Egypt. Mohamed Salah
95%
2001-2019. Atletico Madrid, Liverpool, Chelsea, AC Milan (loan), AC Milan, Atletico Madrid (loan), Atletico Madrid, Sagan Tosu, Spain. Fernando Torres
93%
1999-2017. ASEC Mimosas, Arsenal, Manchester City, Liverpool, Celtic, Ivory Coast. Kolo Toure
83%
2005-. Gent, Eendracht Aalst (loan), AGOVV (loan), AGOVV, Utrecht, PSV Eindhoven, Napoli, Belgium. Dries Mertens
71%
2007-. Sochaux, Roeselare (loan), Club Brugge, Borussia Dortmund, VfL Wolfsburg, Inter Milan, Bayern Munich (loan), Croatia. Ivan Perisic
70%
1972-1987. Nancy, Saint-Etienne, Juventus, France. Michel Platini
66%
1996-2013. Corinthians, CSA, Benfica, Alverca (loan), Salgueiros, Porto, Barcelona, Chelsea, Fluminense, Portugal. Deco
65%
1988-2005. Newell's Old Boys, River Plate, Boca Juniors, Fiorentina, Roma, Inter Milan (loan), Al-Arabi, Argentina. Gabriel Batistuta
52%
1991-2015. Santa Cruz, Mogi Mirim, Corinthians (loan), Palmeiras, Deportivo La Coruna, Barcelona, AC Milan, Cruzeiro, Olympiacos, AEK Athens, Bunyodkor, Sao Paulo (loan), Kabuscorp, Sao Caetano, Mogi Mirim, Brazil. Rivaldo
52%
No matching quizzes found
Score Distribution
Percent of People with Each Score
Percentile by Number Answered
Your Score History
You have not taken this quiz